00193 a2200085 450000100060000010000200000624500440002626000260007050500110009631433 aHolzner, Stevan aVisual Basic six Programming Black Book aNew DelhibDream Tech aCD/DVD